Rui Vitória's Benfica - Statistics

General Stats
  • This quiz has been taken 24 times
  • The average score is 36 of 67
Answer Stats
Rank Player Position Nationality Matches Goals Assists % Correct
2 Jonas Second Striker 132 100 37
90%
17 Nélson Semedo Right-Back 64 3 12
90%
13 Rafa Silva Second Striker 77 13 12
90%
16 Victor Lindelöf Centre-Back 69 2 0
90%
10 Alejandro Grimaldo Left-Back 88 7 12
86%
3 André Almeida Right-Back 130 5 21
86%
9 Andreas Samaris Defensive Midfield 101 3 4
86%
11 Konstantinos Mitroglou Centre-Forward 88 52 10
86%
1 Pizzi Attacking Midfield 171 34 43
86%
5 Raúl Jiménez Centre-Forward 120 31 15
86%
35 Alfa Semedo Defensive Midfield 16 1 1
81%
7 Eduardo Salvio Right Winger 104 22 21
81%
8 Franco Cervi Left Winger 102 13 20
81%
4 Ljubomir Fejsa Defensive Midfield 122 1 0
81%
12 Luisão Centre-Back 80 4 4
81%
20 Ederson Goalkeeper 57 0 1
76%
21 Haris Seferovic Centre-Forward 54 14 5
76%
22 Júlio César Goalkeeper 53 0 0
76%
18 Rúben Dias Centre-Back 58 4 1
76%
28 André Carrillo Central Midfield 32 3 3
71%
25 Bruno Varela Goalkeeper 35 0 0
71%
14 Eliseu Left-Back 76 0 6
71%
6 Jardel Centre-Back 111 9 10
71%
24 Nico Gaitán Attacking Midfield 37 11 20
71%
15 Andrija Zivkovic Right Winger 74 4 23
67%
32 Odysseas Vlachodimos Goalkeeper 25 0 0
67%
39 João Félix Second Striker 14 3 1
62%
23 Lisandro López Centre-Back 43 6 3
62%
53 Bryan Cristante Defensive Midfield 5 0 0
57%
33 Filip Krovinovic Defensive Midfield 24 2 1
57%
55 Ola John Left Winger 3 0 0
57%
27 Talisca Attacking Midfield 34 9 1
57%
61 Paulo Lopes Goalkeeper 2 0 0
52%
26 Renato Sanches Central Midfield 35 2 1
52%
57 Cristian Lema Centre-Back 2 0 0
48%
30 Gedson Fernandes Central Midfield 27 3 4
48%
43 Germán Conti Centre-Back 9 1 0
48%
19 Gonçalo Guedes Left Winger 58 11 15
48%
36 Mile Svilar Goalkeeper 15 0 0
48%
44 Nicolás Castillo Centre-Forward 8 0 1
48%
34 Gabriel Pires Defensive Midfield 16 0 0
43%
29 Mehdi Carcela-González Right Winger 29 3 7
43%
52 Zé Gomes Centre-Forward 5 0 0
43%
62 Branimir Kalaica Centre-Back 1 1 0
38%
31 Filipe Augusto Defensive Midfield 27 0 1
38%
50 Gabriel Barbosa Centre-Forward 5 1 0
38%
54 Luka Jović Centre-Forward 4 0 0
38%
41 Douglas Right-Back 11 0 0
33%
46 Facundo Ferreyra Centre-Forward 7 1 0
33%
48 Keaton Parks Defensive Midfield 6 0 0
33%
56 Sébastien Corchia Right-Back 3 0 0
33%
38 Sílvio Right-Back 14 0 0
33%
45 Yuri Ribeiro Left-Back 7 0 0
33%
37 André Horta Central Midfield 15 1 1
29%
49 Danilo Barbosa Defensive Midfield 5 1 0
29%
40 Diogo Gonçalves Left Winger 13 0 2
29%
42 João Carvalho Attacking Midfield 10 0 2
29%
66 Jota Left Winger 1 0 0
29%
65 Clésio Baúque Right Winger 1 0 0
24%
58 Filip Djuricic Attacking Midfield 2 0 0
24%
47 Guillermo Celis Defensive Midfield 6 0 0
19%
60 Martin Chrien Centre-Forward 2 0 0
19%
63 Pedro Pereira Right-Back 1 0 0
19%
64 Marcelo Hermes Left-Back 1 0 0
14%
59 Nuno Santos Left-Back 2 0 0
14%
51 Victor Andrade Left Winger 5 0 1
14%
67 João Teixeira Central Midfield 1 0 0
5%
No matching quizzes found
Score Distribution
Percent of People with Each Score
Percentile by Number Answered
Your Score History
You have not taken this quiz